00716nam a2200181 i 450000100060000000300090000600500170001500700030003200800410003510000280007624501550010426000340025930000300029370000400032385200320036399900170039595201220041259196ES-MaACL20230906164002.0t|031028s1969 sp ||||1| spa d1 aElluin, Jacques.94706110aPesca marina a la espera, en vertical y lanzada / cJacques Elluin ; prólogo de Philippe Pierre Decantelle ; [traducido por A. Santamaría Díez]. aMadrid : bParaninfo, c1969. a108 p. : bil. ; c17 cm.1 aDecantelle, Philippe Pierre.943152 aES-MaACLjC-36550 bR.70594 c59196d59196 00104070aATENEOMbATENEOMcDEPO2d2008-01-17eSCl0oC-36550p1062096r2023-02-23 00:00:00w2023-02-23yMONOGRAFIA